Capitales de Provincia con menor media de edad - Estadísticas

Estadísticas generales
  • Esta prueba ha sido intentada 29 veces
  • La puntuación promedio es 11 de 16
Estadísticas de respuestas
Media de edad Ciudad % Correcto
42,97 Málaga
86%
41,23 Gerona
82%
41,39 Murcia
82%
42,94 Lérida
79%
42,96 Tarragona
79%
41,80 Almería
75%
43,49 Huelva
71%
42,20 Albacete
68%
42,20 Toledo
68%
43,41 Ciudad Real
61%
42,26 Palma de Mallorca
61%
42,71 Guadalajara
57%
43,55 Jaén
57%
42,64 Badajoz
54%
38,26 Ceuta
54%
36,45 Melilla
54%
No se encontraron pruebas coincidentes
Distribución de puntuación
Porcentaje de gente con cada puntuación
Porcentaje por número respondido
Historial de tus puntuaciones
No has intentado esta prueba.